000 00535nam a2200193Ia 4500
005 20250326143147.0
008 250326s9999 xx 000 0 und d
020 _a0-697-28896-01
037 _aTextbook
040 _aFMSL
_beng
_cFMSL
041 _aeng
_2eng
084 _aX3:8M N7
_qFMSL
100 _aDaniels T
245 0 _aPerspectives on organizational communication
_cDaniels T
260 _aLondon
_bLondon, Brown & Benchmark
_c1997
300 _a333p
942 _cTB
_hX3:8M N7
999 _c1298374
_d1298374